Catalog

Record Details

Catalog Search



Washington through a purple veil : memoirs of a ... Read More

Hatch, Katherine.(Added Author).

Available copies

  • 1 of 1 copy available at LARL/NWRL Consortium.

Current holds

0 current holds with 1 total copy.

Show Only Available Copies
Location Call Number / Copy Notes Barcode Shelving Location Status Due Date
Hallock Public Library 921 BOG (Text) 35500002049300 Main Available -

Record details

  • ISBN: 0151931062 :
  • Physical Description: vii, 392 p., [16] p. of plates : ill. ; 24 cm.
  • Publisher: New York : Harcourt Brace & Co., c1994.

Content descriptions

General Note:
Includes index.
Subject: Boggs, Lindy, 1916-
Legislators > Biography.
Women legislators > Biography.
United States. Congress. House > Biography.
LDR 01098cam a2200313Ia 4500
00114598
003LARL_NWRL_CONSORTIUM
00519941108114939.0
008940624s1994 nyuaf 001 0aeng
010 . ‡a94027838
020 . ‡a0151931062 : ‡c$24.95 ($34.95 Can.)
035 . ‡a(OCoLC)30779222
040 . ‡aDLC ‡cDLC
043 . ‡an-us---
08200. ‡a328.73/092 ‡220
092 . ‡a921 ‡bBog
1001 . ‡aBoggs, Lindy, ‡d1916- ‡0(LARL_NWRL_CONSORTIUM)7477
24510. ‡aWashington through a purple veil : ‡bmemoirs of a southern woman / ‡cLindy Boggs, with Katherine Hatch.
260 . ‡aNew York : ‡bHarcourt Brace & Co., ‡cc1994.
300 . ‡avii, 392 p., [16] p. of plates : ‡bill. ; ‡c24 cm.
500 . ‡aIncludes index.
60010. ‡aBoggs, Lindy, ‡d1916- ‡0(LARL_NWRL_CONSORTIUM)7477
650 0. ‡aLegislators ‡vBiography.
650 0. ‡aWomen legislators ‡vBiography.
61010. ‡aUnited States. ‡bCongress. ‡bHouse ‡vBiography.
7001 . ‡aHatch, Katherine. ‡0(LARL_NWRL_CONSORTIUM)76441
901 . ‡a14598 ‡bOCLC ‡c14598 ‡tbiblio

Additional Resources